[Event "4NCL Division 3 Central"]
[Site "Leamington Spa, ENG"]
[Date "2022.05.02"]
[Round "9.61"]
[White "Adams, Mark"]
[Black "Pink, Joshua"]
[Result "1/2-1/2"]
[WhiteElo "2002"]
[BlackElo "1939"]
[PlyCount "68"]
[EventDate "2022.05.02"]
[WhiteTeam "The Full Ponty"]
[BlackTeam "Throw in the Tal"]

1. e4 e5 2. Nf3 Nf6 3. Nxe5 Nxe4 4. Qe2 Qe7 5. d3 Qxe5 6. Qxe4 Qxe4+ 7. dxe4
Bc5 8. Nc3 c6 9. Bd3 O-O 10. O-O Bd4 11. Ne2 Bb6 12. Bd2 d5 13. Rfe1 dxe4 14.
Bxe4 Nd7 15. Ng3 Nf6 16. Bf3 Bg4 17. Ne4 Bxf3 18. Nxf6+ gxf6 19. gxf3 Rfe8 20.
Bc3 Kg7 21. Re4 Kg6 22. Rae1 Rxe4 23. fxe4 Rd8 24. Kg2 f5 25. exf5+ Kxf5 26.
Re7 Kg6 27. Rxb7 Rd5 28. Re7 Rg5+ 29. Kf1 Rf5 30. Be1 Rh5 31. Kg2 Rg5+ 32. Kf1
Rh5 33. Kg2 Rg5+ 34. Kf1 Rh5 1/2-1/2

[Event "4NCL Division 3 Central"]
[Site "Leamington Spa, ENG"]
[Date "2022.05.02"]
[Round "9.62"]
[White "Ireland, David J"]
[Black "Richmond, Peter"]
[Result "0-1"]
[WhiteElo "1978"]
[BlackElo "2031"]
[PlyCount "58"]
[EventDate "2022.05.02"]
[WhiteTeam "Throw in the Tal"]
[BlackTeam "The Full Ponty"]

1. e4 c5 2. Nc3 g6 3. f4 Bg7 4. Nf3 Nc6 5. Bb5 Nd4 6. O-O a6 7. Bd3 d6 8. Nxd4
Bxd4+ 9. Kh1 e6 10. f5 Nh6 11. Qf3 Qh4 12. g3 Qg4 13. Be2 gxf5 14. d3 Qxf3+ 15.
Bxf3 Ng4 16. exf5 Bxc3 17. bxc3 exf5 18. Rb1 Ne5 19. Re1 O-O 20. Bd5 Be6 21.
Bxe6 fxe6 22. d4 cxd4 23. cxd4 Nf3 24. Rxe6 Nxd4 25. Rxd6 Nxc2 26. Rxb7 Rf7 27.
Rxf7 Kxf7 28. Bg5 Rg8 29. Rxa6 Rxg5 0-1

[Event "4NCL Division 3 Central"]
[Site "Leamington Spa, ENG"]
[Date "2022.05.02"]
[Round "9.63"]
[White "Fletcher, John"]
[Black "Goodwin, Ed H"]
[Result "1-0"]
[WhiteElo "2095"]
[BlackElo "1832"]
[PlyCount "65"]
[EventDate "2022.05.02"]
[WhiteTeam "The Full Ponty"]
[BlackTeam "Throw in the Tal"]

1. d4 d5 2. e4 dxe4 3. Nc3 Nf6 4. f3 e3 5. Bxe3 g6 6. Qd2 a6 7. O-O-O b5 8. a3
Bb7 9. Bh6 Bxh6 10. Qxh6 Nc6 11. d5 Ne5 12. Qe3 Qd6 13. Ne4 Nxe4 14. fxe4 O-O-O
15. Nf3 Nxf3 16. gxf3 Qb6 17. Qxb6 cxb6 18. h4 Kb8 19. Bh3 Rd6 20. Rd3 Rhd8 21.
Rhd1 Rf6 22. Kd2 Rf4 23. Bg4 e5 24. dxe6 Rxd3+ 25. cxd3 fxe6 26. Ke3 Rf6 27. f4
Bc8 28. d4 Rf8 29. Rc1 Bb7 30. Bxe6 Re8 31. d5 Bc8 32. Kd4 Rf8 33. Ke5 1-0

[Event "4NCL Division 3 Central"]
[Site "Leamington Spa, ENG"]
[Date "2022.05.02"]
[Round "9.64"]
[White "Manickam, Saravanna Bava"]
[Black "Perrett, David C"]
[Result "1/2-1/2"]
[WhiteElo "1754"]
[BlackElo "2030"]
[PlyCount "68"]
[EventDate "2022.05.02"]
[WhiteTeam "Throw in the Tal"]
[BlackTeam "The Full Ponty"]

1. d4 f5 2. Bf4 Nf6 3. e3 d6 4. Nf3 e6 5. h3 Be7 6. Bd3 O-O 7. Nbd2 Nd5 8. Bh2
f4 9. exf4 Nxf4 10. Bxf4 Rxf4 11. Qe2 c5 12. g3 Rf8 13. dxc5 d5 14. Ne5 Qe8 15.
f4 Nc6 16. Ndf3 Nxe5 17. Nxe5 Bxc5 18. O-O-O Bd7 19. Kb1 a6 20. Rde1 Bb5 21.
Bxb5 axb5 22. Nd3 Qc6 23. Qxe6+ Qxe6 24. Rxe6 Ba7 25. Re7 Rab8 26. Rhe1 Rfd8
27. R1e6 Bd4 28. Rc7 Bf6 29. Rb6 Re8 30. Rbxb7 Rxb7 31. Rxb7 Re3 32. g4 Rxh3
33. g5 Rh1+ 34. Nc1 Bd4 1/2-1/2

[Event "4NCL Division 3 Central"]
[Site "Leamington Spa, ENG"]
[Date "2022.05.02"]
[Round "9.65"]
[White "Davies, Peter"]
[Black "Scaife, Warrick"]
[Result "1-0"]
[WhiteElo "2000"]
[BlackElo "1671"]
[PlyCount "41"]
[EventDate "2022.05.02"]
[WhiteTeam "The Full Ponty"]
[BlackTeam "Throw in the Tal"]

1. e4 e5 2. Nf3 Nc6 3. d4 exd4 4. Nxd4 Bc5 5. Be3 Nxd4 6. Bxd4 Bxd4 7. Qxd4 Qf6
8. e5 Qb6 9. Qxb6 axb6 10. Nc3 f6 11. Nb5 Kd8 12. f4 fxe5 13. fxe5 Ne7 14. Bc4
Nc6 15. e6 d6 16. O-O Na5 17. e7+ Kxe7 18. Rf7+ Kd8 19. Nxc7 Nxc4 20. Nxa8 Nxb2
21. Nxb6 1-0

[Event "4NCL Division 3 Central"]
[Site "Leamington Spa, ENG"]
[Date "2022.05.02"]
[Round "9.66"]
[White "Woolgar, Steven G"]
[Black "Dixon, Chris"]
[Result "0-1"]
[WhiteElo "1631"]
[BlackElo "1819"]
[PlyCount "62"]
[EventDate "2022.05.02"]
[WhiteTeam "Throw in the Tal"]
[BlackTeam "The Full Ponty"]

1. c4 e6 2. Nc3 d5 3. cxd5 exd5 4. d4 Nf6 5. g3 c6 6. Bg2 Be7 7. Nf3 O-O 8. O-O
Nbd7 9. Qc2 Re8 10. Re1 Bb4 11. Bg5 h6 12. Bxf6 Nxf6 13. a3 Bd6 14. e4 dxe4 15.
Nxe4 Nxe4 16. Rxe4 Rxe4 17. Qxe4 Be6 18. Re1 Qf6 19. Ne5 Rd8 20. Ng4 Qg5 21.
Ne3 Qa5 22. Nc2 Bf5 23. Qe2 Bxc2 24. b4 Qf5 25. Rc1 Bb3 26. Qe3 Bd5 27. Re1
Bxg2 28. Kxg2 Qd5+ 29. Kg1 Bf8 30. Rd1 c5 31. bxc5 Bxc5 0-1

[Event "4NCL Division 3 Central"]
[Site "Leamington Spa, ENG"]
[Date "2022.05.02"]
[Round "9.71"]
[White "Higgie, Charles L"]
[Black "David, Barry A H"]
[Result "1/2-1/2"]
[WhiteElo "1912"]
[BlackElo "1664"]
[PlyCount "43"]
[EventDate "2022.05.02"]
[WhiteTeam "Shropshire and Friends 1"]
[BlackTeam "Deaf England"]

1. Nf3 Nf6 2. d4 e6 3. c4 c5 4. Nc3 d5 5. Bg5 Be7 6. e3 h6 7. Bxf6 Bxf6 8. dxc5
Bxc3+ 9. bxc3 Qa5 10. Qd4 O-O 11. cxd5 exd5 12. Ne5 Nc6 13. Nxc6 bxc6 14. Bd3
Ba6 15. O-O Bxd3 16. Qxd3 Qxc5 17. Qd4 Qa5 18. c4 Rfd8 19. Rfd1 c5 20. Qf4 dxc4
21. Qxc4 Qb4 22. Qxb4 1/2-1/2

[Event "4NCL Division 3 Central"]
[Site "Leamington Spa, ENG"]
[Date "2022.05.02"]
[Round "9.72"]
[White "Ajimal, Jet"]
[Black "Bryant, Richard B E"]
[Result "0-1"]
[WhiteElo "1608"]
[BlackElo "1800"]
[PlyCount "84"]
[EventDate "2022.05.02"]
[WhiteTeam "Deaf England"]
[BlackTeam "Shropshire and Friends 1"]

1. e4 c5 2. Nf3 Nc6 3. d4 cxd4 4. Nxd4 Qb6 5. Nb3 e6 6. Nc3 Bb4 7. Bd2 Nf6 8.
a3 Bxc3 9. Bxc3 Nxe4 10. Qf3 Nxc3 11. Qxc3 O-O 12. Bd3 a5 13. O-O f5 14. Rae1
Rf6 15. Re3 a4 16. Rg3 Kf7 17. Nd2 Qd4 18. Qxd4 Nxd4 19. Nc4 Kg8 20. Nb6 Rb8
21. Nxa4 b5 22. Nc3 Bb7 23. Ne2 Nxe2+ 24. Bxe2 Bd5 25. Rd1 Rf7 26. f4 b4 27. a4
Bc6 28. b3 Be4 29. Rd2 d5 30. Bd3 Rc8 31. Re3 Rfc7 32. Kf2 Kf7 33. Bxe4 fxe4
34. Ree2 Kg6 35. Ke3 Kf5 36. g3 Rc3+ 37. Kd4 h5 38. Rg2 g6 39. Rde2 Rf3 40. Re3
Rf1 41. Rd2 g5 42. fxg5 e5+ 0-1

[Event "4NCL Division 3 Central"]
[Site "Leamington Spa, ENG"]
[Date "2022.05.02"]
[Round "9.73"]
[White "Lewis, Christopher D"]
[Black "Gibson, Stephen"]
[Result "1-0"]
[WhiteElo "1822"]
[BlackElo "1514"]
[PlyCount "29"]
[EventDate "2022.05.02"]
[WhiteTeam "Shropshire and Friends 1"]
[BlackTeam "Deaf England"]

1. e4 e6 2. d4 a6 3. c4 b5 4. Nc3 Bb4 5. cxb5 Bb7 6. Bd3 f5 7. d5 exd5 8. exd5
Bxd5 9. Nf3 Qe7+ 10. Qe2 Qxe2+ 11. Kxe2 Bxc3 12. bxc3 Be6 13. Nd4 g6 14. Bf4
axb5 15. Be5 1-0

[Event "4NCL Division 3 Central"]
[Site "Leamington Spa, ENG"]
[Date "2022.05.02"]
[Round "9.74"]
[White "Woolfe, Howard S"]
[Black "Bailey, Adrian"]
[Result "0-1"]
[WhiteElo "1300"]
[BlackElo "1810"]
[PlyCount "47"]
[EventDate "2022.05.02"]
[WhiteTeam "Deaf England"]
[BlackTeam "Shropshire and Friends 1"]

1. e4 c5 2. Nf3 d6 3. Nc3 Nc6 4. d4 cxd4 5. Nxd4 Nf6 6. Be2 g6 7. Be3 Bg7 8.
Nb3 O-O 9. O-O Bd7 10. a3 Na5 11. Nxa5 Qxa5 12. b4 Qc7 13. Qd3 Rfc8 14. Bd2 Be6
15. Rac1 Bc4 16. Qf3 Bxe2 17. Nxe2 Nd7 18. c3 Ne5 19. Qh3 Qc4 20. Nf4 e6 21.
Qe3 Qa6 22. Qe2 Nc4 23. Be1 Qxa3 24. Ra1 0-1

[Event "4NCL Division 3 Central"]
[Site "Leamington Spa, ENG"]
[Date "2022.05.02"]
[Round "9.75"]
[White "Slegg, Gary"]
[Black "Simmons, Michael W"]
[Result "1-0"]
[WhiteElo "1549"]
[BlackElo "1173"]
[PlyCount "53"]
[EventDate "2022.05.02"]
[WhiteTeam "Shropshire and Friends 1"]
[BlackTeam "Deaf England"]

1. e4 c5 2. d4 cxd4 3. c3 d6 4. cxd4 Nf6 5. Nc3 a6 6. Nf3 g6 7. Bc4 Bg4 8. h3
Bxf3 9. Qxf3 Nbd7 10. Bf4 Qc7 11. Bb3 Bg7 12. O-O O-O 13. Rac1 Qb8 14. Rfe1 e5
15. Be3 b5 16. Nd5 exd4 17. Ne7+ Kh8 18. Bxd4 Ne5 19. Qc3 Qb7 20. Nc6 Nxc6 21.
Bxf6 Ne5 22. Bxg7+ Kxg7 23. Bd5 Rac8 24. Bxb7 Rxc3 25. Rxc3 Nc4 26. Bxa6 Ra8
27. Bxb5 1-0

[Event "4NCL Division 3 Central"]
[Site "Leamington Spa, ENG"]
[Date "2022.05.02"]
[Round "9.76"]
[White "Paull, James"]
[Black "Sloan, Cecil"]
[Result "0-1"]
[WhiteElo "1185"]
[BlackElo "1480"]
[PlyCount "84"]
[EventDate "2022.05.02"]
[WhiteTeam "Deaf England"]
[BlackTeam "Shropshire and Friends 1"]

1. e4 c5 2. Nf3 e6 3. d4 cxd4 4. Nxd4 Nf6 5. Nc3 Nc6 6. Bg5 Bb4 7. a3 Bxc3+ 8.
bxc3 Qa5 9. Nb5 Nxe4 10. Bd2 a6 11. Nd4 Nxd4 12. cxd4 Qxd2+ 13. Qxd2 Nxd2 14.
Kxd2 d5 15. f4 Bd7 16. Be2 O-O 17. a4 Rfc8 18. Rhb1 Rc7 19. a5 Rac8 20. Rb2 Kf8
21. Ra3 Ke7 22. g4 Bc6 23. Re3 Kd6 24. Rb6 Kd7 25. f5 Re8 26. Bd3 h6 27. h4 Kd8
28. h5 exf5 29. Rxe8+ Kxe8 30. Bxf5 Ke7 31. Bd3 Kf6 32. c4 Kg5 33. cxd5 Bxd5
34. Rd6 Bc6 35. Bf5 Bf3 36. Rd7 Rxd7 37. Bxd7 Bxg4 38. Bxg4 Kxg4 39. Kc3 Kf5
40. Kc4 Ke6 41. Kc5 g5 42. hxg6 fxg6 0-1

[Event "4NCL Division 3 North"]
[Site "Doncaster, ENG"]
[Date "2021.11.20"]
[Round "1.11"]
[White "Gardiner, Eric D"]
[Black "Rawlinson, Aidan M"]
[Result "0-1"]
[WhiteElo "2069"]
[BlackElo "2215"]
[PlyCount "120"]
[EventDate "2021.11.20"]
[WhiteTeam "Hull & East Riding Tigers"]
[BlackTeam "Manchester Manticores 2"]

1. e4 g6 2. d4 Bg7 3. Nc3 d6 4. Be3 a6 5. f4 b5 6. Be2 Nd7 7. e5 Bb7 8. Bf3 Qc8
9. Bxb7 Qxb7 10. Qf3 O-O-O 11. Qxb7+ Kxb7 12. Nf3 f6 13. O-O-O Nh6 14. e6 Nb6
15. d5 Nc4 16. Rhe1 Nxe3 17. Rxe3 Nf5 18. Re4 h5 19. Ne2 c6 20. dxc6+ Kxc6 21.
Ned4+ Nxd4 22. Nxd4+ Kb6 23. f5 Rdg8 24. Kb1 Bf8 25. Re2 gxf5 26. Nxf5 Kc6 27.
b3 Rg5 28. Rf1 h4 29. Rf4 Rhg8 30. Nxh4 Re5 31. Rff2 Kd5 32. Nf3 Rxe2 33. Rxe2
Rg4 34. Kb2 f5 35. Kc3 Bg7+ 36. Kd3 Be5 37. g3 b4 38. Nxe5 dxe5 39. c4+ bxc3
40. Kxc3 Kxe6 41. b4 Kd5 42. Rd2+ Ke4 43. Re2+ Kd5 44. Rd2+ Ke6 45. Re2 Rg8 46.
a4 Rc8+ 47. Kb3 Kd5 48. Rd2+ Ke4 49. Re2+ Kd4 50. Rd2+ Ke3 51. Rc2 Rh8 52. b5
axb5 53. axb5 f4 54. gxf4 exf4 55. b6 f3 56. Rc3+ Ke4 57. Rc4+ Kf5 58. b7 Rb8
59. Rc7 f2 60. Rxe7 Kf6 0-1

[Event "4NCL Division 3 North"]
[Site "Doncaster, ENG"]
[Date "2021.11.20"]
[Round "1.12"]
[White "Geue, Niklas"]
[Black "Vleeshhouwer, Douglas"]
[Result "1/2-1/2"]
[WhiteElo "2123"]
[BlackElo "2097"]
[PlyCount "111"]
[EventDate "2021.11.20"]
[WhiteTeam "Manchester Manticores 2"]
[BlackTeam "Hull & East Riding Tigers"]

1. e4 d6 2. d4 Nf6 3. Nc3 Nbd7 4. Nf3 e5 5. Bc4 Be7 6. a4 a5 7. O-O O-O 8. h3
c6 9. Re1 Qc7 10. Ba2 exd4 11. Nxd4 Nc5 12. Bf4 Be6 13. Nxe6 fxe6 14. Qd4 Nfd7
15. Bg3 Kh8 16. Rad1 Ne5 17. Rf1 Rad8 18. f4 Ned7 19. e5 dxe5 20. fxe5 Nb6 21.
Qg4 Nd5 22. Nxd5 cxd5 23. c3 Ne4 24. Bb1 Nxg3 25. Qxg3 Qb6+ 26. Kh2 Qxb2 27.
Qd3 g6 28. Bc2 Rc8 29. Rxf8+ Bxf8 30. Rb1 Qxc3 31. Qxc3 Rxc3 32. Bd1 Bb4 33.
Bg4 Re3 34. Bxe6 Rxe5 35. Bc8 b6 36. Kg3 d4 37. Kf4 Re3 38. Rd1 Bd6+ 39. Kg5
Be5 40. Bg4 Kg7 41. Bf3 Ra3 42. Rb1 Bc7 43. Rc1 Bd8+ 44. Kf4 Rxa4 45. Rc8 Be7
46. Rc7 Kf6 47. Rc6+ Kf7 48. Bd5+ Ke8 49. Ke5 Kd7 50. Rxb6 Rb4 51. Rxb4 Bxb4
52. Kxd4 a4 53. Kc4 Bf8 54. Kc3 h6 55. Kb2 g5 56. Ba8 1/2-1/2

[Event "4NCL Division 3 North"]
[Site "Doncaster, ENG"]
[Date "2021.11.20"]
[Round "1.13"]
[White "Collinson, Mark I"]
[Black "Leah, Tom"]
[Result "1/2-1/2"]
[WhiteElo "2054"]
[BlackElo "1916"]
[PlyCount "95"]
[EventDate "2021.11.20"]
[WhiteTeam "Hull & East Riding Tigers"]
[BlackTeam "Manchester Manticores 2"]

1. d4 d5 2. c4 e6 3. Nf3 Nf6 4. g3 Be7 5. Bg2 O-O 6. Nc3 dxc4 7. O-O Nc6 8. e4
Rb8 9. d5 exd5 10. exd5 Nb4 11. Ne5 b5 12. a3 Bd6 13. Nxc4 bxc4 14. axb4 Rxb4
15. Rxa7 Bf5 16. Qd4 Re8 17. Bf4 Qe7 18. Bxd6 Qxd6 19. Rfa1 h6 20. h3 Reb8 21.
R1a6 R8b6 22. Rxb6 Qxb6 23. Qxb6 cxb6 24. d6 Rxb2 25. Nd5 Nxd5 26. Bxd5 c3 27.
d7 Bxd7 28. Rxd7 c2 29. Rd8+ Kh7 30. Be4+ g6 31. Bxc2 Rxc2 32. Rd6 Rb2 33. Kg2
Kg7 34. h4 h5 35. Kf3 Kf8 36. Rd7 b5 37. Rb7 b4 38. Ke3 b3 39. Kd4 Rxf2 40.
Rxb3 Ke7 41. Ke3 Rf1 42. Ke2 Rf6 43. Ke3 Rd6 44. Kf4 Kf6 45. Rb7 Rd4+ 46. Ke3
Ra4 47. Kf3 Ke6 48. Rb5 1/2-1/2

[Event "4NCL Division 3 North"]
[Site "Doncaster, ENG"]
[Date "2021.11.20"]
[Round "1.14"]
[White "Tyton, Adam"]
[Black "Thompson, Keith"]
[Result "0-1"]
[WhiteElo "1922"]
[BlackElo "1919"]
[PlyCount "56"]
[EventDate "2021.11.20"]
[WhiteTeam "Manchester Manticores 2"]
[BlackTeam "Hull & East Riding Tigers"]

1. e4 e6 2. d4 d5 3. Nc3 Bb4 4. e5 c5 5. Bd2 Ne7 6. a3 Bxc3 7. Bxc3 cxd4 8.
Bxd4 Nbc6 9. f4 Nf5 10. Bf2 h5 11. Nf3 Bd7 12. Bd3 Rc8 13. Bxf5 exf5 14. Qxd5
Be6 15. Qxd8+ Rxd8 16. O-O O-O 17. Rfd1 b6 18. Bh4 Rd5 19. Kf2 Na5 20. Nd4 Rc8
21. c3 Kh7 22. Nxe6 fxe6 23. Rxd5 exd5 24. Rd1 Rc4 25. g3 Re4 26. Rxd5 Nc4 27.
b3 Ne3 28. h3 Nxd5 0-1

[Event "4NCL Division 3 North"]
[Site "Doncaster, ENG"]
[Date "2021.11.20"]
[Round "1.15"]
[White "Varley, Joe"]
[Black "Lonsdale, Jon I"]
[Result "1-0"]
[WhiteElo "1935"]
[BlackElo "1923"]
[PlyCount "69"]
[EventDate "2021.11.20"]
[WhiteTeam "Hull & East Riding Tigers"]
[BlackTeam "Manchester Manticores 2"]

1. e4 c5 2. Nf3 Nc6 3. d4 cxd4 4. Nxd4 e5 5. Nb5 d6 6. c4 Be7 7. N1c3 a6 8. Na3
Be6 9. Nc2 Bg5 10. Be2 Bxc1 11. Rxc1 Nf6 12. O-O O-O 13. Qd2 Qb6 14. b3 Rfd8
15. Rfd1 Rac8 16. h3 Qa7 17. Bf1 Kf8 18. Qd3 Kg8 19. Rd2 Qb6 20. Rcd1 Nb4 21.
Na4 Qa5 22. Qc3 Nxe4 23. Qxb4 Qxb4 24. Nxb4 Nxd2 25. Rxd2 f5 26. Nd5 Bxd5 27.
Rxd5 Kf7 28. c5 Kf6 29. Rxd6+ Rxd6 30. cxd6 Ke6 31. d7 Rf8 32. Nb6 Kd6 33. a4
Kc5 34. a5 Rd8 35. Bc4 1-0

[Event "4NCL Division 3 North"]
[Site "Doncaster, ENG"]
[Date "2021.11.20"]
[Round "1.16"]
[White "Livesey, R Nigel"]
[Black "Carmichael, Ned"]
[Result "1-0"]
[WhiteElo "1825"]
[BlackElo "1901"]
[PlyCount "53"]
[EventDate "2021.11.20"]
[WhiteTeam "Manchester Manticores 2"]
[BlackTeam "Hull & East Riding Tigers"]

1. Nf3 c5 2. b3 Nf6 3. Bb2 e6 4. e3 Nc6 5. d4 d5 6. Nbd2 Be7 7. Bd3 b6 8. O-O
O-O 9. Ne5 Nb4 10. Be2 Ne4 11. a3 Nxd2 12. Qxd2 Na6 13. Nc6 Qd7 14. Nxe7+ Qxe7
15. Bd3 Bb7 16. Qe2 Nc7 17. Qg4 cxd4 18. exd4 Ne8 19. a4 Qc7 20. Qh4 Nf6 21. f4
Ne4 22. f5 exf5 23. Rxf5 Rae8 24. Ba3 Qc3 25. Raf1 Qxd4+ 26. Kh1 Re5 27. Rxe5
1-0

[Event "4NCL Division 3 North"]
[Site "Doncaster, ENG"]
[Date "2021.11.20"]
[Round "1.21"]
[White "Sakic, Lorand"]
[Black "Ther, Mate"]
[Result "0-1"]
[WhiteElo "2013"]
[BlackElo "2014"]
[PlyCount "40"]
[EventDate "2021.11.20"]
[WhiteTeam "Bolton"]
[BlackTeam "Bradford DCA Knights A"]

1. e4 e5 2. f4 exf4 3. Nf3 g5 4. d4 Bg7 5. Bc4 d6 6. O-O h6 7. c3 Ne7 8. Qb3
O-O 9. h4 Ng6 10. a4 Nc6 11. a5 g4 12. h5 gxf3 13. hxg6 d5 14. Bxd5 Nxd4 15.
gxf7+ Kh8 16. cxd4 Bxd4+ 17. Rf2 Bxf2+ 18. Kxf2 Qh4+ 19. Kg1 Qe1+ 20. Kh2 Qg3+
0-1

[Event "4NCL Division 3 North"]
[Site "Doncaster, ENG"]
[Date "2021.11.20"]
[Round "1.22"]
[White "Nicholson, Jim W R"]
[Black "Scoular, Adam"]
[Result "0-1"]
[WhiteElo "1972"]
[BlackElo "1882"]
[PlyCount "90"]
[EventDate "2021.11.20"]
[WhiteTeam "Bradford DCA Knights A"]
[BlackTeam "Bolton"]

1. d4 c5 2. e3 cxd4 3. exd4 g6 4. Nf3 Bg7 5. c3 d6 6. Bd3 Nc6 7. O-O Nf6 8. Bg5
Bg4 9. Nbd2 O-O 10. Re1 Qa5 11. Qb3 Qc7 12. h3 Be6 13. Qd1 d5 14. Nf1 Nh5 15.
Qd2 Qd7 16. N3h2 f6 17. Bh6 Rae8 18. Rad1 Nd8 19. g4 Bxh6 20. Qxh6 Ng7 21. Qe3
Nf7 22. Ng3 f5 23. gxf5 Bxf5 24. Nxf5 Nxf5 25. Bxf5 Qxf5 26. Ng4 h5 27. Ne5
Nxe5 28. dxe5 e6 29. Re2 Rf7 30. a4 g5 31. Kg2 Rg7 32. Rg1 Rf8 33. Kh1 g4 34.
Rg3 Rff7 35. Qd3 Qf4 36. Qd4 Qc1+ 37. Rg1 Qg5 38. Rg3 Rf3 39. Qd2 Qf5 40. Qe1
h4 41. Rg2 Rxh3+ 42. Kg1 Rf3 43. Re3 Rf4 44. Qe2 Rxa4 45. Qd2 Qf4 0-1

[Event "4NCL Division 3 North"]
[Site "Doncaster, ENG"]
[Date "2021.11.20"]
[Round "1.23"]
[White "Doherty, Paul"]
[Black "Bak, Andrew"]
[Result "1-0"]
[WhiteElo "1765"]
[BlackElo "1969"]
[PlyCount "44"]
[EventDate "2021.11.20"]
[WhiteTeam "Bolton"]
[BlackTeam "Bradford DCA Knights A"]

1. e4 c5 2. Nf3 Nc6 3. Bd3 e5 4. c3 d5 5. O-O Bg4 6. Qe2 Nf6 7. Bc2 Be7 8. d3
O-O 9. Rd1 Kh8 10. Nbd2 d4 11. Nf1 Nd7 12. h3 Be6 13. g4 h5 14. N3h2 Bg5 15.
Ng3 Bxc1 16. Rdxc1 hxg4 17. hxg4 g6 18. Kg2 Kg7 19. Bb3 Qh4 20. Bxe6 fxe6 21.
f3 Rh8 22. Rh1 Qh3+ 1-0

[Event "4NCL Division 3 North"]
[Site "Doncaster, ENG"]
[Date "2021.11.20"]
[Round "1.24"]
[White "Wedge, David C"]
[Black "Nagy, Viktor"]
[Result "1-0"]
[WhiteElo "1893"]
[BlackElo "1721"]
[PlyCount "59"]
[EventDate "2021.11.20"]
[WhiteTeam "Bradford DCA Knights A"]
[BlackTeam "Bolton"]

1. e4 c5 2. Nc3 d6 3. g3 Nf6 4. Bg2 e5 5. d3 Be7 6. f4 Bg4 7. Nge2 Nc6 8. h3
Bxe2 9. Nxe2 Nh5 10. O-O g6 11. g4 Nxf4 12. Bxf4 exf4 13. Nxf4 O-O 14. c3 Bf6
15. Nd5 Be5 16. Qd2 Qh4 17. Qf2 Qg5 18. Kh1 Kg7 19. Ne3 h5 20. h4 Qh6 21. g5
Qh7 22. Nd5 Rad8 23. Rad1 a6 24. d4 cxd4 25. cxd4 Nxd4 26. Rxd4 f5 27. gxf6+
Rxf6 28. Nxf6 Qh8 29. Rd3 Rf8 30. Rf3 1-0

[Event "4NCL Division 3 North"]
[Site "Doncaster, ENG"]
[Date "2021.11.20"]
[Round "1.25"]
[White "Lamb, Ian"]
[Black "McCarthy, Damian"]
[Result "0-1"]
[WhiteElo "1681"]
[BlackElo "1855"]
[PlyCount "80"]
[EventDate "2021.11.20"]
[WhiteTeam "Bolton"]
[BlackTeam "Bradford DCA Knights A"]

1. Nf3 Nf6 2. c4 Nc6 3. d4 e6 4. g3 Bb4+ 5. Bd2 Qe7 6. Bg2 Bxd2+ 7. Nbxd2 d6 8.
O-O O-O 9. e4 e5 10. d5 Nb8 11. b4 a5 12. a3 Na6 13. Qb3 Bd7 14. Ne1 c6 15. Nd3
cxd5 16. cxd5 axb4 17. axb4 Nc7 18. Qb2 Bb5 19. Qb3 Rxa1 20. Rxa1 Ba6 21. Nb2
Nb5 22. Bf1 Nh5 23. Qd1 g6 24. Rc1 Qd7 25. Nbc4 f5 26. Nb6 Qd8 27. Nbc4 Qf6 28.
Na5 Nd4 29. Rc7 Bxf1 30. Qxf1 b5 31. Nc6 Qg5 32. Qd1 Qxd2 33. Qxd2 Nf3+ 34. Kg2
Nxd2 35. exf5 gxf5 36. Rb7 f4 37. Rxb5 f3+ 38. Kh3 Ne4 39. Ra5 Nxf2+ 40. Kh4
Ng7 0-1

[Event "4NCL Division 3 North"]
[Site "Doncaster, ENG"]
[Date "2021.11.20"]
[Round "1.26"]
[White "Patrick, David A"]
[Black "Busznyak, Arpad"]
[Result "1-0"]
[WhiteElo "1807"]
[BlackElo "1552"]
[PlyCount "41"]
[EventDate "2021.11.20"]
[WhiteTeam "Bradford DCA Knights A"]
[BlackTeam "Bolton"]

1. e4 e5 2. Nf3 d6 3. d4 exd4 4. Nxd4 Nf6 5. Nc3 Bd7 6. Bc4 Nc6 7. O-O Be7 8.
h3 a6 9. a4 O-O 10. f4 Re8 11. Nxc6 Bxc6 12. Bd3 Nd7 13. Be3 Bf6 14. e5 dxe5
15. Bc4 Qe7 16. f5 Rad8 17. Qh5 g6 18. fxg6 hxg6 19. Qxg6+ Kh8 20. Bxf7 Nf8 21.
Qg8# 1-0

[Event "4NCL Division 3 North"]
[Site "Doncaster, ENG"]
[Date "2021.11.20"]
[Round "1.31"]
[White "Johnson, Paul A"]
[Black "Jeje, Ayodeji"]
[Result "0-1"]
[WhiteElo "1802"]
[BlackElo "2104"]
[PlyCount "118"]
[EventDate "2021.11.20"]
[WhiteTeam "Bradford DCA Knights B"]
[BlackTeam "Chessable White Rose 3"]

1. d4 d5 2. Nf3 Nf6 3. c4 e6 4. e3 c6 5. Nc3 Nbd7 6. Bd3 dxc4 7. Bxc4 b5 8. Bd3
Bb7 9. a3 a6 10. O-O c5 11. b3 Bd6 12. Bb2 O-O 13. Qe2 e5 14. Nxe5 Nxe5 15.
dxe5 Bxe5 16. Rad1 Qe7 17. Bb1 Rfe8 18. Rfe1 Qc7 19. h3 Qc6 20. Qf1 Rad8 21. f3
Bb8 22. Ne4 Nd5 23. Qf2 h6 24. g4 Rc8 25. Rd2 Qe6 26. Red1 Be5 27. Bxe5 Qxe5
28. Rc1 c4 29. bxc4 bxc4 30. f4 Qe7 31. Rd4 Qxa3 32. Rcxc4 Rxc4 33. Rxc4 Nxe3
34. Rc3 Qb4 35. Rxe3 Qxb1+ 36. Re1 Qb5 37. Ng3 Rxe1+ 38. Qxe1 a5 39. Qd2 Qd5
40. Qxd5 Bxd5 41. Ne2 Kf8 42. Kf2 Ke7 43. Nc3 Bb3 44. Ke3 Kd6 45. Kd4 Kc6 46.
h4 Be6 47. f5 Bb3 48. g5 hxg5 49. hxg5 a4 50. Ne2 Kb5 51. f6 g6 52. Kc3 Kc5 53.
Nf4 Kd6 54. Kd3 a3 55. Kc3 a2 56. Kb2 Ke5 57. Ne2 Be6 58. Nc3 Kf5 59. Nxa2 Bxa2
0-1

[Event "4NCL Division 3 North"]
[Site "Doncaster, ENG"]
[Date "2021.11.20"]
[Round "1.32"]
[White "Edwards-Wright, Miles D"]
[Black "Bramson, Mike"]
[Result "1/2-1/2"]
[WhiteElo "2080"]
[BlackElo "1801"]
[PlyCount "102"]
[EventDate "2021.11.20"]
[WhiteTeam "Chessable White Rose 3"]
[BlackTeam "Bradford DCA Knights B"]

1. g3 e5 2. Bg2 Nc6 3. d3 Bc5 4. a3 a5 5. e3 d6 6. b3 Nf6 7. h3 O-O 8. Ne2 Re8
9. Bb2 Bf5 10. O-O Qd7 11. Kh2 d5 12. Nd2 Rad8 13. Nf3 e4 14. Nh4 d4 15. exd4
exd3 16. cxd3 Bd6 17. f4 Re3 18. d5 Ne7 19. Bxf6 Rxd3 20. Qc1 gxf6 21. Rd1 Rxd1
22. Qxd1 Ng6 23. Nxf5 Qxf5 24. Nd4 Qd7 25. Qd3 Re8 26. Nf5 Bf8 27. h4 Ne7 28.
Ne3 c6 29. Rd1 cxd5 30. Bxd5 Nxd5 31. Nxd5 Qe6 32. Rd2 Qc6 33. b4 Re1 34. Rd1
Rxd1 35. Qxd1 Qe6 36. Qd2 Kg7 37. Ne3 axb4 38. axb4 Qe4 39. Nd5 b5 40. g4 Bd6
41. Kg3 Qb1 42. g5 Qg1+ 43. Kf3 Qf1+ 44. Kg4 f5+ 45. Kxf5 Qh3+ 46. Ke4 Qh1+ 47.
Kd4 Qxh4 48. Kc3 Qg3+ 49. Kb2 Kf8 50. Ka2 Qf3 51. Kb2 Qe4 1/2-1/2

[Event "4NCL Division 3 North"]
[Site "Doncaster, ENG"]
[Date "2021.11.20"]
[Round "1.33"]
[White "Dean, Robert A"]
[Black "Chan, Sheng Liang Bernard"]
[Result "0-1"]
[WhiteElo "1717"]
[BlackElo "2069"]
[PlyCount "104"]
[EventDate "2021.11.20"]
[WhiteTeam "Bradford DCA Knights B"]
[BlackTeam "Chessable White Rose 3"]

1. Nf3 d5 2. d4 Nf6 3. Bg5 Bf5 4. Nbd2 e6 5. e3 Be7 6. Bb5+ c6 7. Ba4 O-O 8.
O-O a5 9. c3 Nbd7 10. Bc2 Bg6 11. Ne5 Bxc2 12. Qxc2 Nxe5 13. dxe5 Nd7 14. Bf4
b5 15. Nf3 Nc5 16. Rfd1 Qb6 17. Bg5 Bxg5 18. Nxg5 g6 19. Qe2 h6 20. Nh3 Qc7 21.
f4 a4 22. Nf2 Qa7 23. Qf3 Kg7 24. Qh3 h5 25. Qh4 Rae8 26. Qf6+ Kg8 27. Qh4 Qe7
28. Qh3 Kg7 29. Qf3 Rd8 30. h3 Qa7 31. g4 Rh8 32. Kg2 Qb8 33. e4 b4 34. Qe3
Nxe4 35. Nxe4 dxe4 36. c4 hxg4 37. hxg4 Rxd1 38. Rxd1 Rd8 39. Rf1 Rd3 40. Qxe4
Qd8 41. Rf2 c5 42. Qe2 Qd4 43. g5 Re3 44. Qd2 Qe4+ 45. Kh2 Rd3 46. Qe2 Qxe2 47.
Rxe2 Rd4 48. Kg3 Rxc4 49. Rd2 Rc1 50. Kf3 Ra1 51. b3 axb3 52. axb3 Ra3 0-1